000 00895nam a22002897a 4500
001 BR8204969
003 BR-BrBNA
005 20230928091433.0
007 ta
008 230509b bl.||||| |||| 00| 0 por d
040 _aBR-BrBNA
_bpor
_cBiblioteca Nacional de Agricultura
041 _a(Por)
072 _aD50; P00
_b/G514
090 _ D50 BR8204969
110 1 _aSecretaria de Planejamento da Presidencia da Republica, Brasilia, DF (Brasil). Secretaria de Imprensa e Divulgacao
_99015
245 1 _aGrande Carajas [projeto de desenvolvimento, exploracao mineral, decreto, Para, Brasil)
260 3 _aBrasilia, DF (Brasil):
_c1982.
300 _a34 p.
650 _aPROJETO DE DESENVOLVIMENTO
650 _aRECURSO MINERAL
650 _aLEGISLACAO
650 _aDECRETO
650 _aSERRA DE CARAJAS
650 _aPARA
909 _a202309
_bLucia
_c55
_dLucia Elande
942 _cBK
999 _c33862
_d33862